Все песни Монеточки - Statistics

General Stats
  • This quiz has been taken 31 times
    30 since last reset
  • The average score is 24 of 100
Answer Stats
Год Альбом Песня % Correct
2018 Раскраски для взрослых Каждый раз
81%
2018 Раскраски для взрослых Нимфоманка
73%
2018, feat Noize MC - Люди с автоматами
69%
2017 - Последняя дискотека
69%
2020 Декоративно-прикладное искусство Папина любовница
65%
2024 Молитвы. Анекдоты. Тосты Это было в России
58%
2024 Молитвы. Анекдоты. Тосты Селфхарм
54%
2024 Молитвы. Анекдоты. Тосты Кис кис кис
54%
2017 Я Лиза Я Лиза
54%
2016, feat. Noize MC Царь горы Чайлдфри
54%
2016 Психоделический клауд рэп Я Лиза
54%
2024 Молитвы. Анекдоты. Тосты У мамы есть секрет
50%
2024 Молитвы. Анекдоты. Тосты Монополия
46%
2019 - Падать в грязь
46%
2018 Раскраски для взрослых Запорожец
46%
2025, feat Noize MC Не все дома Обломки чувств
42%
2020 Декоративно-прикладное искусство Переживу
42%
2018 Раскраски для взрослых 90
42%
2024 Молитвы. Анекдоты. Тосты Остановилось
38%
2020 Декоративно-прикладное искусство Крошка
38%
2024 Молитвы. Анекдоты. Тосты Жучка
35%
2020 Декоративно-прикладное искусство Америка
35%
2020, feat. Noize MC Декоративно-прикладное искусство Коза
35%
2018 Раскраски для взрослых Твоё имя
35%
2018 Раскраски для взрослых Ночной ларёк
35%
2024 Молитвы. Анекдоты. Тосты Птичка
31%
2024 Молитвы. Анекдоты. Тосты Заново
31%
2020 Декоративно-прикладное искусство Лёд
31%
2018 Раскраски для взрослых Нет монет
31%
2018 Раскраски для взрослых Русский ковчег
31%
2025, feat. Noize MC Не все дома Никто не пострадал
27%
2024 Молитвы. Анекдоты. Тосты Выше крыш
27%
2023 (Voices of Peace) - Никто не пострадал
27%
2020 Декоративно-прикладное искусство Ириски и риски
27%
2019 - Гори, гори, гори
27%
2018 Раскраски для взрослых Кумушки
27%
2017 Я Лиза Козырный туз
27%
2016 - Ушла к реалисту
27%
2025, feat. Noize MC Не все дома Криокамеры
23%
2022 (Voices of Peace) - Криокамеры
23%
2021 Шаганэ
23%
2020, feat. Noize MC - Живи без остатка
23%
2020 Декоративно-прикладное искусство Мартовские коты
23%
2020 Декоративно-прикладное искусство Рентгенограмма
23%
2020 Декоративно-прикладное искусство Шприц
23%
2018 Раскраски для взрослых Пост-пост
23%
2017 - Super KICA 8bit
23%
2021, feat. Каста Чернила осьминога Любой дурак
19%
2020 Декоративно-прикладное искусство Тугие косы
19%
2019 - На заре
19%
2018 - Не хочу ничего знать
19%
2017 - Папочка, прости
19%
2017 - Г. Рубчинский
19%
2017 Я Лиза Виктор Дробыш
19%
2017 Я Лиза Папочка, прости
19%
2016, feat. СД, ЗАМАЙ - Гоша Рубчинский
19%
2016. feat. ЗАМАЙ, Слава КПСС,Овсянкин HYPE TRAIN Покемоны мои
19%
2016 - Мама, я не зигую
19%
2016 Психоделический клауд рэп Русское искусство
19%
2016 Психоделический клауд рэп Психоделический клауд рэп
19%
2016 Психоделический клауд рэп Г. Рубчинский
19%
2016 Психоделический клауд рэп Лолечки
19%
2023 После России Расстрел
15%
2017 Я Лиза Капитал
15%
2017 Exclusive Стихи круче чем школа
15%
2016 Психоделический клауд рэп Ржаной сухарь
15%
2016 Психоделический клауд рэп Самый клёвый анархо-коммунист
15%
2021 Трибьют t.A.T.u. "200 по встречной" Мальчик-гей
12%
2019, feat. Би-2, Куртки Кобейна Куртки Кобейна Нити ДНК
12%
2017 Я Лиза Завод
12%
2016 Психоделический клауд рэп Праздник контрнасилия
12%
2021, feat. Каста, Вадяра Блюз Чернила осьминога Пароль от почты
8%
2020 Карнавала.Нет XX лет Кот кота
8%
2019, feat. Therr Maitz, Оскар Борисович Фельцман - Ёлочка-ёлка
8%
2017 Exclusive Питер
8%
2017 Exclusive Селфи
8%
2017 Exclusive Пусть придут к тебе во снах
8%
2017 Exclusive Супермаркет
8%
2016 - НТВ
8%
2016 Психоделический клауд рэп Украинский вопрос
8%
2016 Психоделический клауд рэп За деньги
8%
2016 - Аниме
8%
2015 - Лепестки чеснока
8%
2017 Exclusive fever
8%
2017 - Прощай, мой Екатеринбург!
4%
2017 Exclusive Первый учитель
4%
2016 Психоделический клауд рэп Способы получше
4%
2016 Психоделический клауд рэп Жизненный цикл лосося
4%
2016 Психоделический клауд рэп В интернетике
4%
2016 - До свидания, Сирия
4%
2016 - Ашановский маскарпоне "Каждый День"
4%
2016 - Я поднимаю свой милкшейк
4%
2016 - Человек
4%
2015 - Для одноклассников
4%
2021, feat. Витя Исаев,Иван Ургант, Микаэл Леонович Таривердиев CIAO 2020 Chiesi io al frassino
4%
2016 - Здравствуйте, Анджелина
0%
2016 - Что же делать?
0%
2016 - Винкс против Монстр Хая
0%
2016 - Картинки про мемы
0%
2016 - Где же ты моя любимая
0%
No matching quizzes found
Score Distribution
Percent of People with Each Score
Percentile by Number Answered
Your Score History
You have not taken this quiz since the last reset